[Liberalizácia poštových služieb]

Súčasný stav liberalizácie poštových služieb v Európe. Poštový trh má byť na Slovensku liberalizovaný od 1. 1. 2013. Európska komisia využije všetky prostriedky na to, aby štáty EÚ otvorili svoj poštový trh. Liberalizácia pôšt v Európe. Od roku 2008 je poštový trh liberalizovaný už aj v Nemecku. Kom...

ver descrição completa

Na minha lista:
Detalhes bibliográficos
Formato: Capítulo de Livro
Idioma:eslovaco
Assuntos:
Tags: Adicionar Tag
Sem tags, seja o primeiro a adicionar uma tag!

MARC

LEADER 00000naa$a2200000$$$4500
001 0093724
005 20231128093903.3
041 0 |a slo 
044 |a SK 
245 1 0 |a [Liberalizácia poštových služieb] 
520 |a Súčasný stav liberalizácie poštových služieb v Európe. Poštový trh má byť na Slovensku liberalizovaný od 1. 1. 2013. Európska komisia využije všetky prostriedky na to, aby štáty EÚ otvorili svoj poštový trh. Liberalizácia pôšt v Európe. Od roku 2008 je poštový trh liberalizovaný už aj v Nemecku. Komu vlastne pomohlo otvorenie hybridnej pošty. Liberalizácia poštového trhu by mala priniesť zníženie cien. 
610 2 0 |a pošty 
610 2 0 |a trhy 
610 2 0 |a liberalizácia 
610 2 0 |a Európska únia 
610 2 0 |a Slovensko 
610 2 0 |a ceny